000 00462nam a2200205Ia 4500
003 OSt
005 20230403144328.0
008 210423s1993 xx 000 0 und d
020 _a1403911029
040 _cAL
041 _aeng
082 _a823 ANAM
100 _aANAND (Mulk Raj).
_982647
245 _aCoolie.
260 _aNew Delhi
_bPenguin Books Ltd
_c1993
300 _aii,282
_bPB
365 _b250
_cINR
906 _aCoolie.
942 _2ddc
_cBK
999 _c157991
_d157991